| 000 | 00957nas a2200325 4500 | ||
|---|---|---|---|
| 001 | BR9903215 | ||
| 003 | BR-BrBNA | ||
| 005 | 20231205101446.0 | ||
| 007 | ta | ||
| 008 | 230509b bl.|||p| |||| 00| 00por d | ||
| 040 |
_aBR-BrBNA _bpor _cBiblioteca Nacional de Agricultura |
||
| 041 | _a(Pt) | ||
| 072 | _aP35 | ||
| 100 | 1 | _aMiola, G.R. | |
| 100 | 1 | _aTedesco, M.J. | |
| 100 | 1 | _aBissani, C.A. | |
| 100 | 1 | _aGianello, C. | |
| 100 | 1 | _aCamargo, F.A. de O. | |
| 245 | 1 | _aAvaliacao da disponibilidade de fosforo no solo para a cultura do milho | |
| 650 | _aMilho | ||
| 650 | _aSolo | ||
| 650 | _aFosforo | ||
| 650 | _aDisponibilidade de Nutriente | ||
| 650 | _aAnalise do Solo | ||
| 650 | _aPropriedade Fisico-Quimica | ||
| 650 | _aRio Grande do Sul | ||
| 773 | 0 |
_tPesquisa Agropecuaria Brasileira (Brazil) _xISSN 0100-204X _g(May 1999), v. 34(5) p. 813-819 _wBR9903215 |
|
| 909 |
_a202311 _bLúcia _c55 _dLúcia Elande |
||
| 942 |
_2AGRIS _n0 _cANA |
||
| 999 |
_c161993 _d161993 |
||